|
|
|
|
| LEADER |
00000nab#a22000007a#4500 |
| 001 |
arbauad004333 |
| 003 |
AR-BaUAD |
| 005 |
20250711110630.0 |
| 008 |
940512|||||||||###||||||b###|0###a|spa|| |
| 040 |
|
|
|a AR-BaUAD
|c AR-BaUAD
|b spa
|
| 100 |
|
|
|a Braun, Rainer
|
| 245 |
|
|
|a Latinoamérica en el festival de cine de Oberhausen /
|c Rainer Braun;
|
| 300 |
0 |
|
|b fot.
|
| 653 |
|
|
|a CINE
|
| 653 |
|
|
|a EXPOSICIONES
|
| 653 |
|
|
|a AMERICA LATINA
|
| 773 |
0 |
|
|t Humboldt
|g año 32, no. 103 [1991], p. 28-31
|
| 942 |
|
|
|c ARTI
|
| 952 |
|
|
|0 0
|1 0
|4 0
|7 0
|9 49253
|a AR-BAuAD
|b AR-BAuAD
|d 2025-07-11
|l 0
|p AAQA004333
|r 2025-07-11 11:06:30
|w 2025-07-11
|y ARTI
|
| 990 |
|
|
|a C199
|b TD
|
| 998 |
|
|
|a AAQ
|b BIBUN76
|
| 999 |
|
|
|c 28926
|d 28926
|